00476nam a2200145 a 450000500170000000800410001702000180005805000200007624500360009626000400013230000090017244000200018199900190020195201100022020140412111423.0080124s19uu xx 00 eng d a2-89393-775-6 aERbWi63po 1998 aPooh's Spring-Cleaning Mystery. aChina :bDisney Interprises,c1998. aunp. aWinnie the Pooh c106117d106117 001040aELbELcERd2008-01-24eDonationl0oER Wi63po 1998pE11232r2014-04-12 00:00:00w2014-04-12yBK